<?xml version="1.0" encoding="UTF-8"?>
<record
    xmlns:xsi="http://www.w3.org/2001/XMLSchema-instance"
    xsi:schemaLocation="http://www.loc.gov/MARC21/slim http://www.loc.gov/standards/marcxml/schema/MARC21slim.xsd"
    xmlns="http://www.loc.gov/MARC21/slim">

  <leader>00424    a2200121   4500</leader>
  <controlfield tag="001">ART_11068</controlfield>
  <controlfield tag="005">20260410161849.0</controlfield>
  <controlfield tag="008">260409a                                 </controlfield>
  <datafield tag="245" ind1="1" ind2="0">
    <subfield code="a">Distribuci&#xF3;n regional del residuo fiscal neto. El caso de las municipalidades de la provincia de Buenos Aires</subfield>
  </datafield>
  <datafield tag="100" ind1="1" ind2=" ">
    <subfield code="a">Porto, Alberto</subfield>
  </datafield>
  <datafield tag="700" ind1="1" ind2=" ">
    <subfield code="a">Gasparini, Leonardo C.</subfield>
  </datafield>
  <datafield tag="773" ind1="0" ind2=" ">
    <subfield code="t">Econ&#xF3;mica</subfield>
    <subfield code="g">- A&#xF1;o XLIV, N&#xBA; 3 (dic. 1998)</subfield>
    <subfield code="w">REV7541</subfield>
  </datafield>
  <datafield tag="999" ind1=" " ind2=" ">
    <subfield code="c">24878</subfield>
    <subfield code="d">24878</subfield>
  </datafield>
</record>
